00806cam a22002531 4500001001300000003000400013005001700017008004100034010001700075025001900092035001900111040002500130042001200155043001200167050001900179110004400198245003000242260014000272300003500412504002600447650002500473710003700498999001700535sa 65010231 DLC20260227112207.0810709s1963 ii ab b 000 0 eng  asa 65010231  aPL480:I-E-5000 a(OCoLC)7567414 aDLCcMnSUdNSyUdDLC apremarc aa-ii---00aHD9086.I45bA51 aIndia.bCommittee on Natural Resources.10aStudy of cotton in India. a[New Delhi]bCommittee on Natural Resources, Planning Commission, in collaboration with Indian Central Cotton Committee, Bombay,c1963. ax, 150 p.bill., maps.c25 cm. aBibliography: p. 150. 0aCotton tradezIndia.2 aIndian Central Cotton Committee. c66640d66640